000 00476cam a2200193 4500
001 D10181
008 090401t1980 xxu||||| |||| 00| 0 eng d
035 _a(Sirsi) u94347
041 _aeng
050 _a306.026
100 _aBarnes, Michael
245 4 _aThe Housing Bill 1980: secure tenancies and the right to buy
260 _c1980
350 _a0
520 _aIn Blundell Memorial Lectures 1980
700 _aO`Brien, John
942 _n0
948 _c04/03/1997
999 _c97992
_d97992